00959nac a22002651i 4500003000900000005001700009008004100026020001500067040004300082082002100125245003300146250002900179264004800208300004000256336002600296337002800322338002700350500002000377650005000397655001700447710004400464942001200508999001300520952016000533EG-ScBUE20230712094812.0100913s2004 ii a f 001 0 eng d a8120325192 aEG-ScBUEbengerdacEG-ScBUEdEG-ScBUE04a910.285bGIS222 aGIS and AutoCAD map /cNIIT. aEastern economy edition. 1aNew Delhi :bPrentice-Hall of India,c2004. a176 pages :billustrations ;c24 cm 2rdacontentatextbtxt 2rdamediaaunmediatedbn 2rdacarrieravolumebnc aIncludes index. 7aGeographic information systems.2BUEsh918919 vReading book2 aNIIT (Corporation)econtributor.918920 cBB2ddc c759d759 00102ddc40708BaccahaMAINbMAINc2NDd2010-09-13ePurchaseg54.00l1m1o910.285 GISp000003827r2025-07-15 00:00:00s2013-04-29v67.50w2006-07-27yBB